<?xml version="1.0" encoding="UTF-8"?>
<record
    xmlns:xsi="http://www.w3.org/2001/XMLSchema-instance"
    xsi:schemaLocation="http://www.loc.gov/MARC21/slim http://www.loc.gov/standards/marcxml/schema/MARC21slim.xsd"
    xmlns="http://www.loc.gov/MARC21/slim">

  <leader>05363nam a2200445Ia 4500</leader>
  <controlfield tag="001">dia_3827</controlfield>
  <controlfield tag="003">CHAP</controlfield>
  <controlfield tag="005">20250212182346.0</controlfield>
  <controlfield tag="007">ta</controlfield>
  <controlfield tag="008">220117s2006    mx ao  frm    001 0 spa d</controlfield>
  <datafield tag="010" ind1=" " ind2=" ">
    <subfield code="a">174428</subfield>
  </datafield>
  <datafield tag="040" ind1=" " ind2=" ">
    <subfield code="c">CHAP</subfield>
    <subfield code="a">mxchpua</subfield>
    <subfield code="e">rda</subfield>
  </datafield>
  <datafield tag="041" ind1="0" ind2=" ">
    <subfield code="a">spa</subfield>
    <subfield code="b">eng</subfield>
  </datafield>
  <datafield tag="090" ind1=" " ind2=" ">
    <subfield code="a">Tesis </subfield>
    <subfield code="b">A38 </subfield>
    <subfield code="c">2006</subfield>
  </datafield>
  <datafield tag="100" ind1="1" ind2=" ">
    <subfield code="a">Aguilar S&#xE1;nchez, Laura</subfield>
  </datafield>
  <datafield tag="240" ind1="1" ind2="0">
    <subfield code="a">Characterization and potential of enzymatic browning in &#x201C;nopalitos&#x201D;.</subfield>
    <subfield code="l">Espa&#xF1;ol</subfield>
  </datafield>
  <datafield tag="245" ind1="1" ind2="0">
    <subfield code="a">Caracterizaci&#xF3;n y potencial de oscurecimiento enzim&#xE1;tico en nopal verdura /</subfield>
    <subfield code="c">Laura Aguilar S&#xE1;nchez</subfield>
  </datafield>
  <datafield tag="264" ind1=" " ind2=" ">
    <subfield code="a">M&#xE9;xico, Chapingo :</subfield>
    <subfield code="b">El autor,</subfield>
    <subfield code="c">2006</subfield>
  </datafield>
  <datafield tag="300" ind1=" " ind2=" ">
    <subfield code="a">vi, 45 hojas :</subfield>
    <subfield code="b">ilustraciones, fotos</subfield>
  </datafield>
  <datafield tag="336" ind1=" " ind2=" ">
    <subfield code="2">rdacontent</subfield>
    <subfield code="a">texto</subfield>
    <subfield code="b">txt</subfield>
  </datafield>
  <datafield tag="337" ind1=" " ind2=" ">
    <subfield code="2">rdamedia</subfield>
    <subfield code="a">no mediado</subfield>
    <subfield code="b">n</subfield>
  </datafield>
  <datafield tag="338" ind1=" " ind2=" ">
    <subfield code="2">rdacarrier</subfield>
    <subfield code="a">volumen</subfield>
    <subfield code="b">nc</subfield>
  </datafield>
  <datafield tag="502" ind1=" " ind2=" ">
    <subfield code="a">Tesis </subfield>
    <subfield code="b">(Ingeniero Agroindustrial) -- </subfield>
    <subfield code="c">UACh, Departamento de Ingenieria Agroindustrial, </subfield>
    <subfield code="d">2006</subfield>
  </datafield>
  <datafield tag="504" ind1=" " ind2=" ">
    <subfield code="a">Bibliograf&#xED;a: hojas 41-45</subfield>
  </datafield>
  <datafield tag="520" ind1="3" ind2=" ">
    <subfield code="a">La explotaci&#xF3;n del nopal para usarlo como verdura en el consumo humano, tanto en fresco como en diversos guisados, constituye una parte importante en la econom&#xED;a familiar de los habitantes de ciertas regiones del pa&#xED;s. Sin embargo, la forma de presentaci&#xF3;n para su comercializaci&#xF3;n es uno de los principales problemas que tiene este producto, ya que el oscurecimiento o pardeamiento enzim&#xE1;tico constituye un principal problema durante el procesamiento y la conservaci&#xF3;n, siendo responsable de &#xE9;ste la enzima polifenoloxidasa (PPO). Al mismo tiempo, el oscurecimiento enzim&#xE1;tico es una de las m&#xE1;s importantes reacciones de color que afecta a frutas y hortalizas frescas o m&#xED;nimamente procesadas y es responsable de la p&#xE9;rdida de calidad de muchos de estos productos. Debido a que existen muy pocos estudios que traten de las caracter&#xED;sticas fisiol&#xF3;gicas poscosecha de los nopalitos, el presente estudio tuvo como objetivo evaluar algunos cambios f&#xED;sicos y bioqu&#xED;micos de 21 variedades de nopal verdura, as&#xED; como determinar la actividad de la enzima polifenoloxidasa, donde se evalu&#xF3; peso, longitud, ancho, relaci&#xF3;n longitud/  di&#xE1;metro del fruto, color, firmeza,  acidez, pH, clorofila, s&#xF3;lidos solubles totales, actividad de la PPO, compuestos fen&#xF3;licos con la finalidad de conocer su potencial de oscurecimiento. Se encontraron diferencias significativas entre las variedades analizadas, destacando &#x2018;Italiano Morado&#x2019; como una de las variedades m&#xE1;s aptas para su procesamiento m&#xED;nimo y cuyos atributos en poscosecha son los m&#xE1;s deseables, debido a su bajo potencial de oscurecimiento y su acidez moderada,  caso contrario con &#x2018;Copena F1&#x2019; que fue la especie que present&#xF3; el mayor potencial oscurecimiento, de igual forma se observ&#xF3; que existe una correlaci&#xF3;n entre el pH y la actividad de la polifenoloxidasa, siendo m&#xE1;s susceptibles los nopales cuando tienden a un pH neutro. --</subfield>
  </datafield>
  <datafield tag="520" ind1="3" ind2=" ">
    <subfield code="a">The exploitation of the cactus pear young cladodes (known as &#x201C;nopalitos&#x201D;) used as vegetables for the human consumption, as in fresh food and as in diverse dishes, it constitutes an important part in the family economy of the inhabitants of certain regions of the country. However, the presentation form for its commercialization is one of the main problems that has this product, the enzymatic browning becomes on of the problems during the processing and the conservation, being responsible for this the enzyme poliphenoloxidase (PPO). At the same time, the enzymatic browning is one of the most important color reactions that affects fresh fruits and vegetables or minimally processed ones and it is responsible for the loss of quality of many of these products. Because they exist very few studies that include the, the present study had as objective to evaluate some physical and biochemical changes of 21 varieties of cactus pear young cladodes, as well as to determine the activity of the enzyme poliphenoloxidase. It was evaluated, weit, longitude, diameter, color, swelling, pH, chlorophyll, &#xB0;total soluble solids, content of phenolics compounds activity of the PPO with the purpose of knowing their browning potential. Significant differences were found among the analyzed varieties, outstanding the &#x2018;Italiano Morado&#x2019; as one of the most capable varieties for the minimally processing and whose attributes in postharvest are the most desirable, due to their low potential of browning and their moderate acidity, Contrary to the &#x2018;Copena F1&#x2019; that was the one that showed the highest browning potential, it was found that a correlation exists between the pH and the activity of the poliphenoloxidase, being more susceptible the cactus pear young vegetables when they trend to a neuter pH.   </subfield>
  </datafield>
  <datafield tag="650" ind1="1" ind2="3">
    <subfield code="a">Calidad de procesamiento de los alimentos  </subfield>
    <subfield code="2">atg</subfield>
  </datafield>
  <datafield tag="650" ind1="1" ind2="3">
    <subfield code="a">Opuntia</subfield>
    <subfield code="x">Pardeamiento enzim&#xE1;tico  </subfield>
    <subfield code="2">atg</subfield>
  </datafield>
  <datafield tag="650" ind1="1" ind2="3">
    <subfield code="a">Food processing quality  </subfield>
    <subfield code="2">atg</subfield>
  </datafield>
  <datafield tag="650" ind1="1" ind2="3">
    <subfield code="a">Opuntia</subfield>
    <subfield code="x">Enzymatic browning  </subfield>
  </datafield>
  <datafield tag="700" ind1="1" ind2=" ">
    <subfield code="a">Mart&#xED;nez Dami&#xE1;n, Mar&#xED;a Teresa</subfield>
    <subfield code="e">directora</subfield>
  </datafield>
  <datafield tag="700" ind1="1" ind2=" ">
    <subfield code="a">Barrientos Priego, Alejandro F.</subfield>
    <subfield code="e">asesor</subfield>
  </datafield>
  <datafield tag="700" ind1="1" ind2=" ">
    <subfield code="a">Su&#xE1;rez Espinosa, Carlos</subfield>
    <subfield code="e">asesor</subfield>
  </datafield>
  <datafield tag="856" ind1="4" ind2="1">
    <subfield code="u">http://10.13.5.2/tesis/103775.pdf</subfield>
    <subfield code="y">DESCARGAR PDF</subfield>
  </datafield>
  <datafield tag="901" ind1=" " ind2=" ">
    <subfield code="a">TESIS A38 2006</subfield>
  </datafield>
  <datafield tag="902" ind1=" " ind2=" ">
    <subfield code="a">M</subfield>
  </datafield>
  <datafield tag="905" ind1=" " ind2=" ">
    <subfield code="a">5232272006                          mx na  8223123322spa16</subfield>
  </datafield>
  <datafield tag="942" ind1=" " ind2=" ">
    <subfield code="c">TESIS</subfield>
    <subfield code="2">Clasificaci&#xF3;n Universidad Aut&#xF3;noma Chapingo</subfield>
  </datafield>
  <datafield tag="999" ind1=" " ind2=" ">
    <subfield code="c">174428</subfield>
    <subfield code="d">174428</subfield>
  </datafield>
  <datafield tag="952" ind1=" " ind2=" ">
    <subfield code="0">0</subfield>
    <subfield code="1">0</subfield>
    <subfield code="2">local</subfield>
    <subfield code="4">0</subfield>
    <subfield code="5">5</subfield>
    <subfield code="7">0</subfield>
    <subfield code="8">TESIS</subfield>
    <subfield code="a">IA_</subfield>
    <subfield code="b">IA_</subfield>
    <subfield code="d">2022-01-18</subfield>
    <subfield code="e">El autor</subfield>
    <subfield code="l">0</subfield>
    <subfield code="o">Tesis A38 2006</subfield>
    <subfield code="p">1101009543</subfield>
    <subfield code="r">2026-02-02 00:00:00</subfield>
    <subfield code="t">Ej. 2</subfield>
    <subfield code="w">2022-01-18</subfield>
    <subfield code="y">TESIS</subfield>
  </datafield>
  <datafield tag="952" ind1=" " ind2=" ">
    <subfield code="0">0</subfield>
    <subfield code="1">0</subfield>
    <subfield code="2">local</subfield>
    <subfield code="4">0</subfield>
    <subfield code="5">1</subfield>
    <subfield code="7">0</subfield>
    <subfield code="8">TESIS</subfield>
    <subfield code="a">IA_</subfield>
    <subfield code="b">IA_</subfield>
    <subfield code="d">2022-01-18</subfield>
    <subfield code="e">El autor</subfield>
    <subfield code="l">0</subfield>
    <subfield code="o">Tesis A38 2006</subfield>
    <subfield code="p">1101009542</subfield>
    <subfield code="r">2026-02-02 00:00:00</subfield>
    <subfield code="t">Ej. 1</subfield>
    <subfield code="w">2022-01-18</subfield>
    <subfield code="y">TESIS</subfield>
  </datafield>
  <datafield tag="952" ind1=" " ind2=" ">
    <subfield code="0">0</subfield>
    <subfield code="1">0</subfield>
    <subfield code="2">local</subfield>
    <subfield code="4">0</subfield>
    <subfield code="7">0</subfield>
    <subfield code="8">TesDigL</subfield>
    <subfield code="a">IA_</subfield>
    <subfield code="b">IA_</subfield>
    <subfield code="c">E_L</subfield>
    <subfield code="d">2025-02-12</subfield>
    <subfield code="e">El autor</subfield>
    <subfield code="l">0</subfield>
    <subfield code="p">1201009542</subfield>
    <subfield code="r">2025-02-12 18:37:58</subfield>
    <subfield code="w">2025-02-12</subfield>
    <subfield code="y">TD</subfield>
  </datafield>
</record>
